| Tag |
First Indicator |
Second Indicator |
Subfields |
| LEADER |
00000cam a2200000 a 4500 |
| 001 |
in00001383621 |
| 005 |
20151019175727.0 |
| 008 |
970205s1997 nyu 000 1 eng |
| 010 |
|
|
|a 97001157
|
| 020 |
|
|
|a 0312859392 (acid-free paper)
|
| 035 |
|
|
|a (OCoLC)36386477
|
| 035 |
|
|
|9 AHL1771AM
|
| 040 |
|
|
|a DLC
|c DLC
|d OCL
|d TXA
|d UtOrBLW
|
| 049 |
|
|
|a TXAM
|
| 050 |
0 |
0 |
|a PS3569.A215
|b B45 1997
|
| 082 |
0 |
0 |
|a 813/.54
|2 21
|
| 090 |
|
|
|a PS3569.A215
|b B445 1997
|
| 100 |
1 |
|
|a Saberhagen, Fred,
|d 1930-2007.
|
| 245 |
1 |
0 |
|a Berserker fury /
|c Fred Saberhagen.
|
| 246 |
3 |
0 |
|a Fury
|
| 250 |
|
|
|a 1st ed.
|
| 264 |
|
1 |
|a New York :
|b Tor,
|c 1997.
|
| 300 |
|
|
|a 383 pages ;
|c 22 cm.
|
| 336 |
|
|
|a text
|b txt
|2 rdacontent
|
| 337 |
|
|
|a unmediated
|b n
|2 rdamedia
|
| 338 |
|
|
|a volume
|b nc
|2 rdacarrier
|
| 500 |
|
|
|a "A Tom Doherty Associates book."
|
| 650 |
|
0 |
|a Imaginary wars and battles
|v Fiction.
|
| 655 |
|
7 |
|a Science fiction.
|2 gsafd
|
| 948 |
|
|
|a c:jal
|
| 999 |
|
|
|a MARS
|
| 999 |
f |
f |
|s 5a44a90d-7263-3707-ba1f-ddf16d141886
|i c8115ec2-4071-362a-bc0e-22eb297563a4
|t 0
|
| 952 |
f |
f |
|p ric
|a Texas A&M University
|b Rellis Campus
|c Joint Library Facility
|d Remote Storage
|t 0
|e PS3569.A215 B445 1997
|h Library of Congress classification
|i unmediated -- volume
|m A14822377894
|
| 998 |
f |
f |
|a PS3569.A215 B445 1997
|t 0
|l Remote Storage
|